Obálka Náhled e-knihy:
PDF Epub
Pro půjčování e-knih musíte být přihlášeni.
Jak si půjčit online?

Noční partie. 2. díl, Bojuj o své srdce /

Černá, nebo bílá? Kterou stranu si zvolíš v téhle hře na život a na smrt? Druhý díl nebezpečně romantické fantasy duologie od autorky bestselleru Polib mě.

Uloženo v:
Série:Noční partie, část 2
Hlavní autor: Tack, Stella, 1995- (Autor)
Další autoři: Čeřenová, Jana (Autor)
Médium: E-kniha
Jazyk:Czech
Vydáno: Praha : Dobrovský s.r.o., 2024
Edice:King Cool
Témata:
Příbuzné jednotky:Z cyklu:: Noční partie
Tagy:
Žádné tagy
LEADER 03133nam a2200565 i 4500
001 312595
003 CZ PrSKC
005 20260601215725.0
007 ta
008 241206s2024 xr d 000 f cze
015 |a cnb003661078 
020 |a 9788027713349  |q (brožováno) :  |c Kč 449,00 
035 |a (OCoLC)1505964783 
040 |a ABG001  |b cze  |e rda 
041 1 |a cze  |h ger 
072 7 |a 821.112.2-3  |x Německá próza, německy psaná  |2 Konspekt 
072 7 |a 821-93  |x Literatura pro děti a mládež (beletrie)  |2 Konspekt 
080 |a 821.112.2-31  |2 MRF 
080 |a 821-93-053.67  |2 MRF 
080 |a 821-93  |2 MRF 
080 |a (0:82-312.9)  |2 MRF 
100 1 |a Tack, Stella,  |d 1995-  |7 xx0275189  |4 aut 
240 1 0 |a Kämpf um dein Herz.  |l Česky 
245 1 0 |a Noční partie.  |n 2. díl,  |p Bojuj o své srdce /  |c Stella Tack ; přeložila Jana Čeřenová 
246 3 0 |a Bojuj o své srdce 
264 1 |a Praha :  |b Dobrovský s.r.o.,  |c 2024 
300 |a 439 stran ;  |c 20 cm 
336 |a text  |b txt  |2 rdacontent 
337 |a bez média  |b n  |2 rdamedia 
338 |a svazek  |b nc  |2 rdacarrier 
490 1 |a King Cool 
500 |a Přeloženo z němčiny 
520 2 |a Černá, nebo bílá? Kterou stranu si zvolíš v téhle hře na život a na smrt? Druhý díl nebezpečně romantické fantasy duologie od autorky bestselleru Polib mě.  |b Alice opustila magické herní pole, nicméně nadále se jí nedaří uniknout kletbě, která po staletí spočívá na obou elitních internátních školách, Chesterfieldu a St. Burringtonu. Čím zoufaleji hledá odpovědi, tím temnější tajemství vyplouvají na povrch. Přesto nedokáže zapomenout na černého krále Jacksona a bílý král Vincent ji neustále pronásleduje v nočních můrách. Zdá se, že osudy těch tří jsou jakýmsi záhadným způsobem provázané. Aby zabránila dalšímu krveprolití v řadách hráčů, musí Alice překonat černobílé pojetí hry, dát jí úplně nový rozměr a kletbě se postavit. I kdyby to mělo znamenat, že sama na sebe zahraje šachmat. Nakladatelská anotace. Kráceno. 
655 7 |a německé romány  |7 fd132945  |2 czenas 
655 7 |a fantasy romány  |7 fd184199  |2 czenas 
655 7 |a literatura young adult  |7 fd1185572  |2 czenas 
655 7 |a publikace pro mládež  |7 fd133157  |2 czenas 
655 9 |a German fiction  |2 eczenas 
655 9 |a fantasy novels  |2 eczenas 
655 9 |a young adult literature  |2 eczenas 
655 9 |a juvenile literature  |2 eczenas 
700 1 |a Čeřenová, Jana  |7 xx0196612  |4 trl 
765 1 |t Night of crowns 
787 0 8 |i Z cyklu:  |t Noční partie  |g 2 
830 0 |a King Cool 
900 |a ABA001  |b 20 
044 |a xr 
910 |a RBIT002 
998 |d 416490  |a https://core.palmknihy.cz/api/books/416490/cover?so9qe7  |b https://core.palmknihy.cz/api/books/416490/cover/400?so9qe7  |c https://core.palmknihy.cz/api/books/416490/cover/50?so9qe7  |e 2028-03-09  |g 440  |i 9788027713349  |j https://core.palmknihy.cz/api/books/416490/preview.epub  |k https://core.palmknihy.cz/api/books/416490/preview.pdf  |l   |q 49  |r 1  |s https://www.palmknihy.cz/kniha/416490  |t ebook  |y 2024  |z 0  |v Noční partie  |w 2 
999 |d 312593